LIBRARY & INFORMATION CENTRE, KCAET, TAVANUR

ONLINE PUBLIC ACCESS CATALOGUE (OPAC)

Qualitative analysis of simple substances / (Record no. 7492)

MARC details
000 -LEADER
fixed length control field 00481cam a2200193ua 4500
041 ## - LANGUAGE CODE
Language code of text/sound track or separate title eng
082 ## - DEWEY DECIMAL CLASSIFICATION NUMBER
Classification number 544
Item number ADI/QU
100 ## - MAIN ENTRY--AUTHOR NAME
Personal name Adiseshuvu, Hari .
245 ## - TITLE STATEMENT
Title Qualitative analysis of simple substances /
250 ## - EDITION STATEMENT
Edition statement 1 /
260 ## - PUBLICATION, DISTRIBUTION, ETC. (IMPRINT)
Place of publication Madras :
Name of publisher Central Art press ,
Year of publication 1952.
300 ## - PHYSICAL DESCRIPTION
Number of Pages 78 ; .
700 1# - ADDED ENTRY--PERSONAL NAME
Personal name Ramdas, Rao .
942 ## - ADDED ENTRY ELEMENTS (KOHA)
Koha item type Books
Holdings
Withdrawn status Lost status Damaged status Home library Current library Date acquired Cost, normal purchase price Full call number Accession Number Koha item type Public note
Withdrawn     KAUAET Sanskrit University 07/04/2012 3.00 544 7399 Books Transferred to Sanskrit University
free website counter